| 000 | 00658nam a2200229 a 4500 | ||
|---|---|---|---|
| 001 | BRCA_5548 | ||
| 005 | 20190320205127.0 | ||
| 008 | 280311s--------gw-a######---#000-0#ger-# | ||
| 041 | _ager | ||
| 044 | _agw | ||
| 050 | 4 |
_aND618 _b.F78 |
|
| 245 | 1 | 0 |
_aFrühe Italienische Tafel malerei. _cWürttembergischen Staatsgalerie |
| 260 |
_aStuttgart _bWürttembergischen Staatsgalerie _c1950 |
||
| 300 |
_a64 p. _bIls. 56 _c21 cm. |
||
| 500 | _aíndice de Pintores. | ||
| 500 | _aF24 | ||
| 650 | 1 | 4 |
_aArte _ePintores _914156 |
| 650 | 1 | 4 |
_aPintura italiana _zAlemania _914157 |
| 710 | 2 |
_aWürttembergischen Staatsgalerie _914158 |
|
| 902 | _aGFM | ||
| 942 |
_2lcc _cB |
||
| 999 |
_c5242 _d5242 |
||